| Tag |
First Indicator |
Second Indicator |
Subfields |
| LEADER |
00000cam a2200000 i 4500 |
| 001 |
in00003417618 |
| 006 |
m o d |
| 007 |
cr cn||||||||| |
| 008 |
130906s2013 enka ob 001 0 eng|d |
| 005 |
20250816223229.1 |
| 020 |
|
|
|z 9781137294081 (paperback)
|
| 020 |
|
|
|z 9781137294098 (hardback)
|
| 020 |
|
|
|a 9781137294104 (e-book)
|
| 035 |
|
|
|a (CaPaEBR)ebr10775881
|
| 040 |
|
|
|a CaPaEBR
|b eng
|e rda
|e pn
|c CaPaEBR
|d UtOrBLW
|
| 043 |
|
|
|a e-uk---
|
| 050 |
1 |
4 |
|a HV6570.4.G7
|b C75 2013eb
|
| 082 |
0 |
4 |
|a 362.760941
|2 23
|
| 245 |
0 |
0 |
|a Critical perspectives on child sexual exploitation and related trafficking /
|c edited by Margaret Melrose, University of Bedfordshire, UK and Jenny Pearce, University of Bedfordshire, UK.
|
| 264 |
|
1 |
|a Houndmills, Basingstoke, Hampshire :
|b Palgrave Macmillan,
|c 2013.
|
| 300 |
|
|
|a 1 online resource (211 pages) :
|b illustrations
|
| 336 |
|
|
|a text
|b txt
|2 rdacontent
|
| 337 |
|
|
|a computer
|b c
|2 rdamedia
|
| 338 |
|
|
|a online resource
|b cr
|2 rdacarrier
|
| 504 |
|
|
|a Includes bibliographical references and index.
|
| 588 |
|
|
|a Description based on print version record.
|
| 500 |
|
|
|a Electronic resource.
|
| 650 |
|
0 |
|a Child sexual abuse
|z Great Britain.
|
| 650 |
|
0 |
|a Child trafficking
|z Great Britain.
|
| 650 |
|
0 |
|a Child prostitution
|z Great Britain.
|
| 655 |
|
7 |
|a Electronic books.
|2 local
|
| 700 |
1 |
|
|a Melrose, Margaret,
|d 1957-
|
| 700 |
1 |
|
|a Pearce, Jenny J.
|
| 710 |
2 |
|
|a ebrary, Inc.
|
| 776 |
0 |
8 |
|i Print version:
|t Critical perspectives on child sexual exploitation and related trafficking.
|d Houndmills, Basingstoke, Hampshire : Palgrave Macmillan, 2013
|h xii, 198 pages
|z 9781137294098
|w (DLC) 2013035736
|
| 856 |
4 |
1 |
|u https://ebookcentral.proquest.com/lib/tamucs/detail.action?docID=1431393
|y Connect to the full text of this electronic book
|t 0
|
| 999 |
f |
f |
|s 818e2534-3d53-34ab-8802-4e75e7a3243f
|i 92cd48f4-1f8b-3570-8275-af5ea5dd7ed4
|t 0
|
| 999 |
|
|
|a MARS
|
| 952 |
f |
f |
|a Texas A&M University
|b College Station
|c Electronic Resources
|d Available Online
|t 0
|e HV6570.4.G7 C75 2013eb
|h Library of Congress classification
|
| 998 |
f |
f |
|a HV6570.4.G7 C75 2013eb
|t 0
|l Available Online
|